Nositelé Nobelovy ceny za ekonomii 2005

Informácia o nositeľoch Nobelovej ceny za ekonómiu z roku 2005 Robertovi John Aumannovi a Thomasovi Crombie Schellingovi za prínos k analýze konfliktov a spolupráce prostredníctvom teórie hier.

Enregistré dans:
Détails bibliographiques
Auteur principal: Sirůček, Pavel
Format: Chapitre de livre
Langue:tchèque
Sujets:
Tags: Ajouter un tag
Pas de tags, Soyez le premier à ajouter un tag!

MARC

LEADER 00000naa a2200000 4500
001 0126996
005 20231116105047.0
041 0 |a cze 
044 |a CZ 
245 1 0 |a Nositelé Nobelovy ceny za ekonomii 2005  |c Pavel Sirůček 
520 |a Informácia o nositeľoch Nobelovej ceny za ekonómiu z roku 2005 Robertovi John Aumannovi a Thomasovi Crombie Schellingovi za prínos k analýze konfliktov a spolupráce prostredníctvom teórie hier. 
610 2 0 |a Nobelova cena 
610 2 0 |a životopisy 
610 2 0 |a veda ekonomická 
610 2 0 |a teória hier 
610 2 0 |a Aumann, R. 
610 2 0 |a Schelling, T. 
610 2 0 |a 2005 
100 1 |a Sirůček, Pavel